All CS:GO & CS2 G2 Player - Statistics

General Stats
  • This quiz has been taken 56 times
  • The average score is 21 of 35
Answer Stats
Hint Answer % Correct
Bosnia and Herzegovina NiKo
100%
Bosnia and Herzegovina huNter
96%
Australia jks
91%
Russia m0NESY
91%
Poland Snax
91%
France kennyS
89%
Israel HeavyGod
87%
Serbia nexa
87%
France apEX
85%
Guatemala malbsMd
85%
Belgium ScreaM
85%
Finland Aleksib
80%
France shox
80%
Denmark HooXi
76%
Norway rain
76%
France amanek
74%
France NBK
74%
France JACKZ
67%
France RpK
57%
Portugal fox
50%
France SmithZz
50%
Norway jkaem
43%
France Lucky
43%
Sweden Maikelele
41%
Belgium Ex6TenZ
39%
France bodyy
37%
Spain mixwell
37%
Poland MICHU
35%
Poland rallen
33%
Denmark aizy
30%
Sweden dennis
26%
Poland innocent
26%
Poland SZPERO
26%
Poland mouz
24%
Poland MINISE
22%
No matching quizzes found
Score Distribution
Percent of People with Each Score
Percentile by Number Answered
Your Score History
You have not taken this quiz